000 00726nam a2200229Ii 4500
003 JO-AjNU
008 230605s9999||||xx |||||||||||||| ||und||
017 _a2005/8/2050
040 _aJO-AjNU
_bara
_erda
_cJO-AjNU
041 _aara
050 1 4 _aQD45.S52
100 3 _aشاهين ، جميل نعمان,
_eauthor
_913922
245 0 0 _aدليل العمل في مختبر الكيمياء
250 _aط1
264 3 1 _aعمان:دار الثقافه
300 _a151ص
336 _atext
_btxt
_2rdacontent
337 _aunmediated
_bn
_2rdamedia
338 _avolume
_bnc
_2rdacarrier
490 0 _aسلسلة المختبرات العلميه
650 4 _aالمختبرات العلميه- الكيمياء
_913923
999 _aA3590
_c7158
_d7158